Výskumný projekt KEGA: aplikácia medzinárodných účtovných štandardov vo výučbe účtovníctva na vysokých školách ekonomického zamerania

Obsah a postup riešenia výskumného projektu. Výsledky riešenia výskumného projektu.

Na minha lista:
Detalhes bibliográficos
Autor principal: Kovalčíková, Antónia
Formato: Capítulo de Livro
Idioma:eslovaco
Assuntos:
Tags: Adicionar Tag
Sem tags, seja o primeiro a adicionar uma tag!

MARC

LEADER 00000naa$a2200000$$$4500
001 0051447
005 20240502071613.1
041 0 |a slo 
044 |a SK 
245 1 0 |a Výskumný projekt KEGA: aplikácia medzinárodných účtovných štandardov vo výučbe účtovníctva na vysokých školách ekonomického zamerania  |c Antónia Kovalčíková 
520 |a Obsah a postup riešenia výskumného projektu. Výsledky riešenia výskumného projektu. 
610 2 0 |a štandardy účtovné medzinárodné 
610 2 0 |a účtovníctvo 
610 2 0 |a výučba vedecká 
610 2 0 |a školy vysoké 
610 2 0 |a ekonómia 
610 2 0 |a projekty 
610 2 0 |a výskum ekonomický 
100 1 |a Kovalčíková, Antónia